| 000 | 01427cam a22004097a 4500 | ||
|---|---|---|---|
| 003 | CHAP | ||
| 005 | 20220817040910.0 | ||
| 008 | 971013s1991 r 00010 d | ||
| 010 | _a2375 | ||
| 011 | _a3347 | ||
| 035 | _a2547 | ||
| 040 | _cCHAP | ||
| 090 | _aTesis | ||
| 100 | 0 | 0 |
_aLuna Jiménez, María Irma. _969070 |
| 245 | 0 |
_a"Emisión de brotes y producción de biomasa en tres especies forestales _b: ACACIA retinoide, Casuarina equiseticolia y Eucalyptus globulus" |
|
| 260 |
_aChapingo, Méx. : _bEl Autor, _c1991 |
||
| 300 |
_a70 h. _b: ilus. ; gráfs. |
||
| 502 | _aTesis (Ing. Forestal) -- UACH. División de Ciencias Forestales | ||
| 590 |
_aALEPH _b10 _c20130110 _lUCH01 _h1212 |
||
| 590 |
_aBATCH-UPD _b10 _c20130110 _lUCH01 _h0054 |
||
| 590 |
_aBATCH-UPD _b10 _c20130110 _lUCH01 _h1216 |
||
| 590 |
_aBATCH-UPD _b10 _c20130409 _lUCH01 _h2042 |
||
| 590 |
_aBATCH-UPD _b10 _c20130410 _lUCH01 _h0753 |
||
| 590 |
_aBATCH-UPD _b10 _c20130914 _lUCH01 _h0637 |
||
| 590 |
_aBATCH-UPD _b10 _c20130914 _lUCH01 _h2130 |
||
| 590 |
_aCONVERSION _b10 _c20130109 _lUCH01 _h1303 |
||
| 650 | 1 | 4 |
_aAcacia retinoides. _9359 |
| 650 | 1 | 4 |
_aÁrboles _xCrecimiento. _96583 |
| 650 | 1 | 4 |
_aBiomasa. _912825 |
| 650 | 1 | 4 |
_aCasuarinaceae. _920468 |
| 650 | 1 | 4 | _aEucalipto. |
| 650 | 1 | 4 |
_aPlantas leñosas. _989018 |
| 700 | 0 |
_aSantoyo Díaz, Ana Bertha. _9102563 |
|
| 901 | _aBK | ||
| 942 | _cTESIS | ||
| 949 |
_bBC _cTES _d-12049 _eTS1 _h24130 _i2547 _si |
||
| 999 |
_c2375 _d2375 |
||